00482 2200169 4500001002100000008004100021035002000062245006800082100000800150260004400158300001300202020002200215084001600237082000800253650003300261990001800294INLIS000000000000477 ind  a0010-0724000477 aThe Beginnig Of EverythingcTim Akadami Bercerita Bentang Usaha aTim aYogyakarta :bPT. Bentang Pustakac2014 a187 hlm. a978-602-1383-05-6 a153.2 TIM t a153 aFormasi dan Asosiasi Ide-ide aP29/CP/24/477